ბათუმის შოთა რუსთაველის სახელმწიფო უნივერსიტეტის ბიბლიოთეკა

ღვინის, შამპანურისა და კონიაკის ქარხნების დაპროექტების საფუძვლები (ბიბ.ჩანაწერი № 44451)

000 -LEADER
fixed length control field 01219nam a2200229Ia 4500
001 - CONTROL NUMBER
control field 11220
003 - CONTROL NUMBER IDENTIFIER
control field GE_BSU
008 - FIXED-LENGTH DATA ELEMENTS--GENERAL INFORMATION
fixed length control field 181216s||||||||xx |||||||||||||| ||und||
040 ## - CATALOGING SOURCE
Transcribing agency GE_BSU
080 ## - UNIVERSAL DECIMAL CLASSIFICATION NUMBER
Universal Decimal Classification number 725.1(075.8)
100 ## - MAIN ENTRY--PERSONAL NAME
Personal name ს. მესარქიშვილი, ფ. მაჭავარიანი, დ. ბოჭორიშვილი და სხვ.
245 ## - TITLE STATEMENT
Title ღვინის, შამპანურისა და კონიაკის ქარხნების დაპროექტების საფუძვლები
245 ## - TITLE STATEMENT
Remainder of title გამოც. სახელმძღ. სას-სამ. ინ-ტის მეღვინეობის ტექნოლოგიის სპეც. სტუდ.
245 ## - TITLE STATEMENT
Statement of responsibility, etc. რედ: ს. მესარქიშვილი
260 ## - PUBLICATION, DISTRIBUTION, ETC.
Place of publication, distribution, etc. თბილისი.
260 ## - PUBLICATION, DISTRIBUTION, ETC.
Name of publisher, distributor, etc. განათლება
260 ## - PUBLICATION, DISTRIBUTION, ETC.
Date of publication, distribution, etc. 1984
300 ## - PHYSICAL DESCRIPTION
Extent 317გვ.22სმ.
300 ## - PHYSICAL DESCRIPTION
Accompanying material დანართი გვ.288
653 ## - INDEX TERM--UNCONTROLLED
Uncontrolled term ღვინის, შამპანურისა და კონიაკის ქარხნების დაპროექტების საფუძვლები
942 ## - ADDED ENTRY ELEMENTS (KOHA)
Koha item type წიგნი
ეგზემპლარები
Withdrawn status Lost status Damaged status Not for loan Date acquired Barcode Date last seen Price effective from Koha item type
        2018-12-17 19598 2018-12-17 2018-12-17 წიგნი